| 000 | 01021nam a22003377a 4500 | ||
|---|---|---|---|
| 001 | 000641 | ||
| 003 | DO-SdBPM | ||
| 005 | 20260320094139.0 | ||
| 007 | ta | ||
| 008 | 161107b2011 mx a ||||| |||| 00| 0 spa d | ||
| 020 | _a9789870413301 | ||
| 040 |
_aDO-SdBPM _bspa _cBPMSU _erda |
||
| 082 | 0 | 4 |
_a808.83 _bM665a 2011 _222 |
| 245 | 1 | 0 |
_aMini-antología de cuentos tradicionales / _cElsa Bornemann ; ilustraciones, Pez. |
| 264 |
_aMéxico : _bAlfaguara, _c2011. |
||
| 300 |
_a103 páginas : _bilustraciones ; _c20 cm. |
||
| 336 |
_atexto _btxt _2rdacontent |
||
| 337 |
_asin mediación _bn _2rdamedia |
||
| 338 |
_avolumen _bnc _2rdacarrier |
||
| 490 | 0 | _aAlfaguara Infantil | |
| 500 | _a | ||
| 500 | _aApartir de niños de 8 años | ||
| 500 | _a | ||
| 590 | _aInventariado, 2026/VM | ||
| 650 | 7 |
_aCuentos infantiles _vColecciones |
|
| 700 | 1 |
_aPez, Alberto, _eilustración |
|
| 700 | 1 |
_aBornemann, Elsa _ecompiladora |
|
| 910 | _aVMateo V. Control de calidad. BPMSU | ||
| 942 |
_2ddc _cBK |
||
| 945 | _a | ||
| 999 |
_c11807 _d11807 |
||